| 000 | 01074cam a2200301 a 4500 | ||
|---|---|---|---|
| 001 | 11778420 | ||
| 005 | 20180306031419.0 | ||
| 008 | 990802s2000 nyub b 001 0 eng | ||
| 010 | _a 99043298 | ||
| 020 | _a0393974863 (v. 1) | ||
| 020 | _a0393974871 (v. 1 : pbk.) | ||
| 020 | _a0393974901 (v. 2) | ||
| 020 | _a039397491X (v. 2 : pbk.) | ||
| 035 | _a(DLC) 99043298 | ||
| 040 |
_aDLC _cDLC _dDLC |
||
| 041 | _aeng | ||
| 043 | _ae-uk--- | ||
| 080 | _a820.8 | ||
| 082 | 0 | 0 |
_a820.8 ABR _221 |
| 100 | _a21 | ||
| 101 | _aGJL | ||
| 245 | 0 | 4 |
_aThe Norton anthology of English literature / _cM.H. Abrams, general editor ; Stephen Greenblatt, associate general editor. |
| 246 | 3 | 0 | _aAnthology of English literature |
| 504 | _aIncludes bibliographical references and indexes. | ||
| 906 |
_a7 _bcbc _corignew _d1 _eocip _f19 _gy-gencatlg |
||
| 942 |
_2ddc _cBK |
||
| 999 |
_c44104 _d44104 |
||